000 01390nam a2200133Ia 4500
008 220620s9999||||xx |||||||||||||| ||und||
020 _a9783040000000
245 0 _aBiomedical Photoacoustic Imaging and Sensing Using Affordable Resources
546 _aEnglish[eng]
650 _aphotoacoustic microscopy||ultrasonic transducer||optical-resolution photoacoustic microscopy||transparent ultrasound transducer||ultrasound stimulation||photoacoustic||LED||clinic||optical imaging||tomography||ultrasound||small animal||liver||fibrosis||optoacoustic||spectral imaging||blind source separation||unsupervised unmixing||photoacoustic imaging||3-D printed photoacoustic probe holder||light delivery optimization||LED divergence||illumination scheme||in vivo||mouse||Monte Carlo||linear array||tumor imaging||LED-based photoacoustic imaging||hair follicles||FUE||FUT||photoacoustic computed tomography||light-emitting diodes||laser diodes||oxygen saturation imaging||photoacoustics||fluence compensation||hypoxia||deep tissue imaging||hemangioma||laser||light-emitting diodes (LED)||mobile health||peripheral arterial disease||stroke||vascular malformations||signal enhancement||pre-illumination||photo-thermal effect||heat capacity||remote sensing||endoscopy||speckle||n/a
700 _aAjith Singh, Mithun Kuniyil||Xia, Wenfeng
856 _uhttps://mdpi.com/books/pdfview/book/3736
942 _cEB
999 _c25003
_d25003